| 000 | 00656nam a2200241 a 4500 | ||
|---|---|---|---|
| 020 | _a0397545525 (pbk.) | ||
| 040 | _cDLC | ||
| 082 | _a641 LIP 1987 C146 Or. | ||
| 100 | 1 | 0 | _aDudek, Susan G |
| 245 | 1 | 0 | _aNutrition handbook for nursing practice / |
| 260 | 0 |
_aPhiladelphia : _bLippincott, _cc1987 |
|
| 300 |
_a610 p. : _bill. ; _c24 cm |
||
| 650 | 0 | _aDiet therapy | |
| 650 | 0 | _aNutrition | |
| 650 | 0 | _aNursing | |
| 650 | 2 | _aDiet Therapy | |
| 650 | 2 | _aDiet Therapy | |
| 650 | 2 | _aHealth Promotion | |
| 650 | 2 | _aHealth Promotion | |
| 650 | 2 | _aNutritional Physiological Phenomena | |
| 650 | 2 | _aNutritional Physiological Phenomena | |
| 942 | _cAEDBB | ||
| 999 |
_c18490 _d18490 |
||